Derecho procesal civil internacional
Gespeichert in:
| 1. Verfasser: | |
|---|---|
| Format: | Buch |
| Sprache: | Spanisch |
| Veröffentlicht: |
Buenos Aires
EJEA
1953
|
| Schriftenreihe: | Ciencia del Proceso, 21
|
| Schlagworte: | |
| Tags: |
Tag hinzufügen
Keine Tags, Fügen Sie den ersten Tag hinzu!
|
MARC
| LEADER | 00000nam a2200000 a 4500 | ||
|---|---|---|---|
| 001 | UCS0688 | ||
| 003 | CL-VaPUC | ||
| 008 | 970426e19530000AG |||||||||||||||||spa|d | ||
| 082 | 0 | 4 | |a 341.78 |b MOR |2 21 |
| 100 | |a Morelli, Gaetano |e autor |9 384477 | ||
| 245 | 1 | 0 | |a Derecho procesal civil internacional |
| 300 | |a 434 p | ||
| 942 | |c BK | ||
| 945 | |d 19970426 00:00:00 |a paguirre | ||
| 260 | |a Buenos Aires |b EJEA |c 1953 | ||
| 650 | 0 | |a Derecho procesal civil |9 258071 | |
| 650 | 0 | |a Derecho internacional |9 255637 | |
| 650 | 0 | |a Procedimiento civil |9 254870 | |
| 650 | 0 | |a Sentencias |9 256250 | |
| 650 | 0 | |a Extranjeros |9 358057 | |
| 650 | 0 | |a Estado |9 255503 | |
| 650 | 0 | |a Jurisdicción |9 255090 | |
| 650 | 7 | |a SENTENCIAS EXTRANJERAS |2 CL-VaPUC |9 255636 | |
| 583 | |a last modification |c 19970426 00:00:00 |k Rodrigo Vera | ||
| 490 | 0 | |a Ciencia del Proceso, 21 | |
| 999 | |c 258905 |d 258903 | ||
| 952 | |0 0 |1 0 |4 0 |6 341_780000000000000_MOR_1953 |7 0 |8 A |9 283298 |a BIBDER |b BIBDER |d 2019-11-19 |i 183987K |o 341.78 MOR 1953 |p 183987K |r 2023-01-25 |w 2019-11-19 |y BK |k DER | ||